00696cam a2200193 a 4500020001500000082003200015100002800047245006700075250001200142260004600154300003600200526003700236650001300273650002000286856006600306942001200372999001900384952009900403 a041919720600a624.15136bPOWcL-39, P-1671 aPowrie, William.94243910aSoil mechanics :bconcepts and applications /cWilliam Powrie. a1st ed. aLondon ;aNew York :bE & FN Spon,c1997. axviii, 420 p. :bill. ;c25 cm. a0b0c0d624_151360000000000_POW 0aMCE9379 0aSoil mechanics.42uhttp://www.loc.gov/catdir/enhancements/fy0909/96070577-d.html 2ddccBK c546331d546331 00102ddc4070aMCEbMCEd2014-06-09l0o624.15136 POWpMCE-42830r2014-06-09w2014-06-09yBK